00517nam a22001337a 4500008004100000020001500041082001900056245010200075260007300177300000800250942001200258999001500270952009800285230623b xxu||||| |||| 00| 0 eng d a9966949364 a330.bNya 2002 aImpact of Institutional and Regulatory Frameworks on the Food Crops Subsector in Kenya: 1990-1999 aKenyabKenya Institute for Public Policy Research and Analysisc1992 a41p 2ddccBK c2440d2440 00102ddc4070a002b002d2023-06-23l0o330. Nya 2002p10009756r2023-06-23w2023-06-23yBK